Outsourcing a jeho využívanie v podniku bakalárska práca

Saved in:
Bibliographic Details
Main Author: Karpjaková, Helena
Corporate Author: Fakulta podnikového manažmentu EU. Katedra manažmentu
Other Authors: Hudáková, Ivana, 1976-
Format: Book
Language:Slovak
Published: Bratislava 2012
Tags: Add Tag
No Tags, Be the first to tag this record!

MARC

LEADER 00000nbm a2200000 4500
001 0153733
005 20161109111805.2
041 0 |a slo 
044 |a SK 
245 1 0 |a Outsourcing a jeho využívanie v podniku  |b bakalárska práca  |c Helena Karpjaková ; školiteľ: Ivana Mišúnová Hudáková 
264 1 |a Bratislava  |c 2012 
300 |a 54 s. 
100 1 |a Karpjaková, Helena 
700 1 |a Hudáková, Ivana, 1976- 
710 2 |a Fakulta podnikového manažmentu EU. Katedra manažmentu